Quaderns d'Història de l'Enginyeria
Publicado:
Barcelona :
Escola Tècnica Superior d'Enginyers Industrials de Barcelona. Universitat Politècnica de Catalunya ,
1996
Descripción Física:
2 v. ; 24 cm
MARC
| LEADER | 00000nam a2200000Ia 4500 | ||
|---|---|---|---|
| 001 | 12016, 12015 | ||
| 008 | 160829s1996 - 1997 xx 000 0 cat d | ||
| 080 | |a C-1-261, C-1-262 | ||
| 245 | |a Quaderns d'Història de l'Enginyeria | ||
| 260 | |a Barcelona : |b Escola Tècnica Superior d'Enginyers Industrials de Barcelona. Universitat Politècnica de Catalunya, |c 1996 - 1997 | ||
| 300 | |a 2 v. ; |c 24 cm | ||
| 590 | |a Conté: v. 1: 1996; v. 2: 1997 | ||
| 610 | 2 | 0 | |a Escola Tècnica Superior d’Enginyeria Industrial de Barcelona |9 54305 |
| 650 | |a Enginyeria industrial |9 47253 | ||
| 650 | |a Indústria |x Història |9 21054 | ||
| 710 | 2 | |a Escola Tècnica Superior d'Enginyers Industrials de Barcelona |9 54306 | |
| 901 | |a Arxiu | ||
| 942 | |n 1 |2 udc | ||
| 952 | |0 0 |1 0 |4 0 |6 C1261_C1262 |7 1 |9 41780 |a Arxiu |b Arxiu |d 2016-12-01 |l 0 |o C-1-261, C-1-262 |p 12016, 12015 |r 2016-12-01 00:00:00 |w 2016-12-01 |y ARXIU | ||
| 999 | |c 43670 |d 43670 | ||